| 000 | 00615nam a22001937a 4500 | ||
|---|---|---|---|
| 005 | 20251108165855.0 | ||
| 008 | 250721s2000 xx 000 0 ara d | ||
| 082 | 1 | 4 | _a956.411/غني |
| 100 | 1 | _aغنيم، أحمد | |
| 245 | 1 | 0 |
_aالقدس : _bالنداء الأخير / |
| 250 | _aط2. | ||
| 264 | 1 |
_aالقدس : _bمؤسسة جذور السلام للنشر و الاعلام و الدراسات الفلسطينية، _c2000. |
|
| 300 | _a199ص. | ||
| 650 | 1 | 7 | _aالنزاع العربي الإسرئيلي |
| 650 | 1 | 7 | _aالقدس |
| 650 | 1 | 7 | _aالتهويد |
| 942 |
_2ddc _cBK |
||
| 999 |
_c33574 _d33574 |
||